O naprawianiu stereotypów narodowych
| Titel: | O naprawianiu stereotypów narodowych |
|---|---|
| Verfasser: | |
| In: |
Mie̜dzy Śla̜skiem a Wiedniem, (2008), Seite 373-380 alle Artikel anzeigen |
| Veröffentlicht: | 2008 |
| Format: | Aufsatz |
| Sprache: | Polnisch |
X
alg: 39436082 001A $01999:12-11-16 001B $01999:01-06-17 $t17:43:20.000 001D $01999:12-11-16 001U $0utf8 001X $00 002@ $0Aox 003@ $0394360826 007A $0394360826 $aHEB 007T $0Herdkk00042676 010@ $apol 011@ $a2008 021A $aO naprawianiu stereotypów narodowych 028A $7121376230 $8Orłowski, Hubert$Z1937- [Tp1] $9108417700 031A $h373-380 $j2008 039B $aIn $8--Aau--. Mie̜dzy Śla̜skiem a Wiedniem. - Płock : Wydawn. Naukowe Państwowej Wyższej Szkoły Zawodowej, 2008. - 662 Seiten. - graphische Darstellungen. - ISBN 978-83-919691-9-9 $x200800000000000627 $921558578X lok: 39436082 78 exp: 39436082 78 1 #EPN 201B/01 $018-11-16 $t11:22:40.000 201U/01 $0utf8 203@/01 $0790471337 208@/01 $a12-11-16 $be 209A/01 $a/ $f000 $x00 220C/01 $aHerkunft: PBB/IH PAN 244Z/01 $2Trx $#Poola $#Lenkija $#Polija $#Polen Land $#Poland $#Lengyelország $#Poľsko $#Polsko $8--Trx--Polska$gkraj $x01 $9391345966 244Z/01 $2Trx $#stereotüübid $#stereotipai $#Stereotypes $#sztereotipiák $#stereotypy $#stereotypy $#stereotypy $#Imagologie $#Fremdwahrnehmung $#Fremdenwahrnehmung $#imagologia $#imagológia $#imagologie $8--Trx--Stereotype $x02 $9391366254 244Z/01 $2Trx $8--Trx--Einzelbeiträge $x03 $9391384570 247C/01 $82080>Marburg/Lahn, Herder-Institut, Forschungsbibliothek, Bibliographieportal $9336309341
| LEADER | 00000caa a22000002c 4500 | ||
|---|---|---|---|
| 001 | 394360826 | ||
| 003 | DE-603 | ||
| 005 | 20170601174320.0 | ||
| 007 | tu | ||
| 008 | 161112s2008 xx |||| | u00||u|pol c | ||
| 035 | |a (DE-599)HEB394360826 | ||
| 040 | |a DE-603 |b ger |c DE-603 |d DE-603 | ||
| 041 | |a pol | ||
| 100 | 1 | |a Orłowski, Hubert |d 1937- |0 (DE-603)108417700 |0 (DE-588)121376230 |2 gnd | |
| 245 | 0 | 0 | |a O naprawianiu stereotypów narodowych |
| 264 | 0 | |c 2008 | |
| 773 | 0 | 8 | |i In |t Mie̜dzy Śla̜skiem a Wiedniem |d Płock : Wydawn. Naukowe Państwowej Wyższej Szkoły Zawodowej, 2008 |h 662 Seiten, graphische Darstellungen |z 9788391969199 |g (2008), Seite 373-380 |w (DE-603)21558578X |
| 924 | 0 | |9 2080 |a (DE-603)790471337 |b DE-2080 |c HES |d d |g / | |


